Ročenka Mestského veliteľstva Policajného zboru Košice 1994

Saved in:
Bibliographic Details
Format: Book
Language:Slovak
Published: Košice Mestské veliteľstvo Policajného zboru 1994
Edition:1. vyd.
Subjects:
Tags: Add Tag
No Tags, Be the first to tag this record!

MARC

LEADER 00000nam a2200000 4500
001 c010763
005 20221214074745.2
020 |a 80-967362-5-6 
041 0 |a slo 
044 |a SK 
245 1 0 |a Ročenka Mestského veliteľstva Policajného zboru Košice 1994 
250 |a 1. vyd. 
264 1 |a Košice  |b Mestské veliteľstvo Policajného zboru  |c 1994 
300 |a 64 s. 
610 2 0 |a polícia 
610 2 0 |a Košice